• 首页
  • 本馆介绍
  • 公告通知
  • 最新文献
  • 馆藏检索
  • 电子资源
  • 读者导购
  • 参考咨询
  • 我的图书馆
  • 登录
  • 详细信息显示
  • 放入我的书架
  • 预约/预借图书
  • 作者相关作品
  • 分类相关作品
  • 丛书相关作品
  • 出版社相关作品

书目信息

  • 表格格式
  • 工作单格式
  • 卡片格式
题名:
太阳之美
    
 
作者: 谭宝林 著
分册:  
出版信息: 天津   天津科学技术出版社  2019.01
页数: 309页
开本: 22cm
丛书名:
单 册:
中图分类: P182-49
科图分类:
主题词: 太阳--tai yang--普及读物
电子资源:
ISBN: 978-7-5576-5829-8
000 01016nam0 2200241 450
001 0109110209
005 20201109110338.0
010    @a978-7-5576-5829-8@b精装@dCNY138.00
100    @a20190406d2019 em y0chiy50 ea
101 0  @achi
102    @aCN@b120000
105    @aa z 000yy
106    @ar
200 1  @a太阳之美@Atai yang zhi mei@e一颗恒星的过去、现在和未来@f谭宝林著
210    @a天津@c天津科学技术出版社@d2019.01
215    @a309页@c彩图@d22cm
330    @a本书作者精选了100个问题,分七个部分进行介绍:太阳的前世今生、如何观测太阳、太阳的内部结构、太阳的外部大气、太阳活动、太阳风暴以及太阳的未来。每一个问题用千字左右的篇幅,力求简明通俗、准确真实地将有关问题的来龙去脉介绍清楚,尽可能将科学家们最新的研究成果和存在的问题呈现给大家。
517 1  @a一颗恒星的过去、现在和未来@Ayi ke heng xing de guo qu、 xian zai he wei lai
606 0  @a太阳@Atai yang@j普及读物
690    @aP182-49@v5
701  0 @a谭宝林@Atan bao lin@4著
801  0 @aCN@bBJSZM@c20201103
905    @b1240528-30@dP182-49@e324@f3
    
    太阳之美:一颗恒星的过去、现在和未来/谭宝林著.-天津:天津科学技术出版社,2019.01
    309页:彩图;22cm
    
    
    ISBN 978-7-5576-5829-8(精装):CNY138.00
    本书作者精选了100个问题,分七个部分进行介绍:太阳的前世今生、如何观测太阳、太阳的内部结构、太阳的外部大气、太阳活动、太阳风暴以及太阳的未来。每一个问题用千字左右的篇幅,力求简明通俗、准确真实地将有关问题的来龙去脉介绍清楚,尽可能将科学家们最新的研究成果和存在的问题呈现给大家。
●
相关链接 在E读中查询图书 在五车中查询图书 在当当中查询图书 在豆瓣中查询图书


正题名:太阳之美     索取号:P182-49/324         预约/预借

序号 登录号 条形码 馆藏地/架位号 状态 备注
1 1240528   212405280   第二样本阅览室/ [索取号:P182-49/324] 在馆    
2 1240529   212405299   第三借阅区/ [索取号:P182-49/324] 在馆    
3 1240530   212405306   第三借阅区/ [索取号:P182-49/324] 在馆    
唐山师范学院图书馆 欢迎您!
大连网信软件有限公司© 版权所有